00533nas a2200169Ia 4500022001400000040000800014082003200022245003200054260004300086300002500129500005000154500006200204650002200266650002100288700002000309710003400329 a0888-8590 cOHI04a320​​ WAS 1999 A107 Or.00aState and local government. aWashington, D.C. :bCQ Press ,cc1999- av. :bill. ;c24 cm. aVols. for 199-2000- Edited by Thad L. Beyle. a"Copyright by Congressional Quarterly, Inc."--T.p. verso. 0aState governments 0aLocal government1 aBeyle, Thad L.,2 aCongressional Quarterly, inc.